[Event "Rasht Gilan Cup 1st"]
[Site "Rasht"]
[Date "2022.07.09"]
[Round "1"]
[White "Baghaei, Mehrad"]
[Black "Tahbaz, Arash"]
[Result "0-1"]
[WhiteElo "1867"]
[BlackElo "2421"]
[PlyCount "121"]
[EventDate "2022.07.09"]
[EventType "swiss"]
[EventRounds "9"]
[EventCountry "IRI"]
[SourceTitle "CBM 209 Extra"]
[Source "ChessBase"]
[SourceDate "2022.09.30"]
[SourceVersion "1"]
[SourceVersionDate "2022.09.30"]
[SourceQuality "1"]

1. c4 c5 2. Nc3 g6 3. Nf3 Bg7 4. e3 Nf6 5. d4 cxd4 6. exd4 d5 7. Be2 0-0 8. 0-0 Nc6 9. h3 dxc4 10. Bxc4 b6 11. Be3 Bb7 12. Rc1 Rc8 13. Qe2 Nb4 14. Nd2 Nbd5 15. Ba6 Bxa6 16. Qxa6 Qd7 17. Nf3 Nxc3 18. bxc3 Nd5 19. c4 Nxe3 20. fxe3 Rc7 21. Rc3 Rfc8 22. Rfc1 e5 23. Kh1 exd4 24. exd4 Qf5 25. Re1 Qf4 26. Rd1 h5 27. Qb5 Bf6 28. Ng1 Qe4 29. Nf3 Qe2 30. Rdc1 Rd8 31. R3c2 Qe4 32. Rd2 Rcd7 33. Qb1 Qf4 34. Re1 Rxd4 35. Rxd4 Bxd4 36. Re4 Qf6 37. Nxd4 Rxd4 38. Qa1 Rd6 39. Qxf6 Rxf6 40. Re7 a5 41. c5 bxc5 42. Ra7 Rc6 43. Rxa5 c4 44. Rd5 Kg7 45. Kg1 Kf6 46. Kf2 c3 47. Rd1 Ra6 48. Ra1 c2 49. Ke2 Rxa2 50. Rc1 h4 51. Kd2 Kg5 52. Kc3 Ra8 53. Kd2 Rc8 54. Ke3 f5 55. Kf3 Rc3+ 56. Ke2 Kf4 57. Kd2 Rc6 58. Ke2 Kg3 59. Kf1 Rc8 60. Kg1 Rd8 61. Ra1 0-1

[Event "IRI-ch U14"]
[Site "Chess.com INT"]
[Date "2021.01.16"]
[Round "7"]
[White "Baghaei, Mehrad"]
[Black "Mahdavi, Reza"]
[Result "1/2-1/2"]
[WhiteElo "1874"]
[BlackElo "2124"]
[PlyCount "85"]
[EventDate "2021.01.16"]
[EventType "swiss"]
[EventRounds "11"]
[EventCountry "IRI"]
[SourceTitle "EXT 2022"]
[Source "ChessBase"]
[SourceDate "2021.10.06"]
[SourceVersion "1"]
[SourceVersionDate "2021.10.06"]
[SourceQuality "1"]

1. c4 Nf6 2. g3 g6 3. Bg2 Bg7 4. Nc3 0-0 5. d4 d6 6. e3 Nc6 7. Nge2 e5 8. 0-0 h6 9. a3 exd4 10. exd4 a5 11. Be3 Kh7 12. b3 Bd7 13. Rc1 Qc8 14. Nf4 Ng4 15. Qd2 Ne7 16. Ncd5 Nf5 17. Bf3 Ngxe3 18. fxe3 Qd8 19. Ne2 c6 20. Ndf4 Qb6 21. Qd3 Rae8 22. Ng2 h5 23. Kh1 Re7 24. Bxh5 Rfe8 25. g4 Nh6 26. Nef4 Kg8 27. Nxg6 fxg6 28. Bxg6 Rf8 29. Bh7+ Kh8 30. Rxf8+ Bxf8 31. Rf1 Qd8 32. Nh4 Rf7 33. Rxf7 Nxf7 34. Qg6 Bg7 35. Qxf7 Kxh7 36. Qg6+ Kg8 37. Nf5 Bxf5 38. Qxf5 Qe7 39. Qf3 Bh6 40. e4 Qg5 41. Kg2 Qd2+ 42. Qf2 Qd3 43. Qf5 1/2-1/2

[Event "IRI-ch U14"]
[Site "Chess.com INT"]
[Date "2021.01.16"]
[Round "10"]
[White "Baghaei, Mehrad"]
[Black "Majidi, Seyed Mohammad Pars"]
[Result "1-0"]
[WhiteElo "1874"]
[BlackElo "1845"]
[PlyCount "171"]
[EventDate "2021.01.16"]
[EventType "swiss"]
[EventRounds "11"]
[EventCountry "IRI"]
[SourceTitle "EXT 2022"]
[Source "ChessBase"]
[SourceDate "2021.10.06"]
[SourceVersion "1"]
[SourceVersionDate "2021.10.06"]
[SourceQuality "1"]

1. c4 Nf6 2. Qc2 e6 3. d4 Bb4+ 4. Bd2 Bxd2+ 5. Nxd2 b6 6. e3 Bb7 7. Ngf3 c5 8. Bd3 0-0 9. 0-0 d6 10. a3 Nc6 11. Qc3 Qc7 12. b4 e5 13. bxc5 bxc5 14. dxc5 dxc5 15. Ne4 Nd7 16. Ng3 Ne7 17. Be4 Bxe4 18. Nxe4 h6 19. Rfd1 f6 20. Rd2 Nb6 21. Rad1 Rad8 22. h4 Rxd2 23. Qxd2 Nc6 24. Nxc5 Rd8 25. Qc2 Rxd1+ 26. Qxd1 Ne7 27. Ne6 Qxc4 28. Qd8+ Kf7 29. Nxg7 Qc8 30. Qxc8 Nexc8 31. Nf5 Nc4 32. a4 h5 33. Ne1 N8b6 34. a5 Nxa5 35. Nd6+ Ke6 36. Nb5 Nc6 37. Nd3 a5 38. e4 a4 39. Nc5+ Ke7 40. Kf1 Nb4 41. Ke2 Kf7 42. Kd2 Kg6 43. Kc3 Nc6 44. f3 f5 45. g3 fxe4 46. fxe4 Kf6 47. Nd3 Nd7 48. Kc4 Ke6 49. Nc7+ Kd6 50. Nb5+ Ke6 51. Nc1 Nf6 52. Nc3 a3 53. Nb3 Nd7 54. Nc1 Nf6 55. Nd3 Nd4 56. Nc5+ Ke7 57. Kb4 a2 58. Nxa2 Ne2 59. Nc3 Nxg3 60. Kc4 Nf1 61. Nd5+ Nxd5 62. Kxd5 Ne3+ 63. Kxe5 Ng2 64. Ne6 Nxh4 65. Nf4 Nf3+ 66. Kf5 h4 67. Kg4 Nd2 68. e5 Nc4 69. e6 Ne5+ 70. Kf5 h3 71. Nd5+ Ke8 72. Kxe5 h2 73. Kd6 h1Q 74. Nc7+ Kf8 75. e7+ Kg7 76. e8Q Qh2+ 77. Kd7 Qd2+ 78. Kc8 Qd6 79. Qe4 Qf6 80. Ne8+ Kf7 81. Nxf6 Kxf6 82. Kd7 Kf7 83. Qf5+ Kg7 84. Ke7 Kh8 85. Qg5 Kh7 86. Kf7 1-0